=LDR 00000nam 2200000 4500 =001 INLIS000000000002528 =005 20130612090847 =008 ***********************************Ind** =035 ##$$0010-061300000002528 =041 ##$$a Ind =082 ##$$a 616.951 =090 ##$$a 616.951, Gri p =100 ##$$a Grimble,A.S =245 ##$$a McLachlan's hand book of diagnosis and treatment of nenereal diseases, A.S.Grimble =260 ##$$a E $b London =300 ##$$a 220 hlm, ilus, 20 cm =650 ##$$a Ilmu Penyakit =650 ##$$a Kelamin =850 ##$$a NBPNMAT